[Event "SCC Tornado"]
[Site "?"]
[Date "2000.04.30"]
[Round "3"]
[White "Abouelkhir, A."]
[Black "Bailey, B."]
[Result "1/2-1/2"]
[WhiteElo "1787"]
[BlackElo "1878"]
[Annotator "Stockfish 14 (15s)"]
[PlyCount "81"]

{C95: Closed Ruy Lopez: Breyer Variation with 10 d4} 1. e4 e5 2. Nf3 Nc6 3. Bb5
a6 4. Ba4 Nf6 5. O-O Be7 6. Re1 b5 7. Bb3 d6 8. c3 O-O 9. h3 Nb8 10. d4 Nbd7
11. Nbd2 Bb7 12. d5 c6 13. Nf1 (13. dxc6 Bxc6 14. Bc2 Qb8 15. Nf1 Qb7 16. Ng3
g6 17. Bg5 Rfe8 18. Qe2 d5 19. Bxf6 Bxf6 20. exd5 Bxd5 21. Ne4 Be7 22. Rad1
Rad8 23. Bb3 Bxb3 24. axb3 Qc6 25. Ng3 f6 26. Nf1 Bf8 27. Ne3 Nc5 {
Smeets,J (2550)-Rothuis,V (2342) Hilversum 2006 1/2-1/2 (81)}) 13... cxd5 $146
(13... Nc5 14. dxc6 Bxc6 15. Bd5 Nxd5 16. exd5 Bb7 17. Be3 Nd7 18. a4 f5 19.
axb5 axb5 20. Qb3 Nf6 21. Qxb5 Bxd5 22. Bb6 Qc8 23. Ra7 Rxa7 24. Bxa7 Qa8 25.
Qa4 Bxf3 26. gxf3 Qxf3 27. Re3 Qb7 28. c4 {
Mohrenstecher,J-Teske Rheda 1961 1/2-1/2 (38)}) 14. exd5 Nc5 (14... a5 $5 15.
Ne3 a4 $17) 15. Ne3 $15 Nxb3 16. Qxb3 (16. axb3 Qd7 $15) 16... Rc8 17. Rd1 Rc5
(17... Ne4 $5 18. Nf5 Nc5 $17) 18. a4 $11 Qa8 (18... Qd7 19. axb5 axb5 20. Ne1
$11) 19. axb5 Rxb5 20. Qa3 (20. Qa4 $142 Bd8 21. Qxb5 axb5 22. Rxa8 Bxa8 23.
Nf5 Nxd5 24. Nxd6 $11) 20... Re8 $4 (20... Nxd5 21. Nf5 Qc8 $11) 21. c4 $18 Rc5
22. Bd2 Qd8 23. Bb4 Rc8 24. Nf5 Bf8 (24... Ne4 25. Re1 Nc5 26. Bxc5 Rxc5 $18)
25. Bxd6 (25. Nxd6 $6 Bxd6 26. Bxd6 Rxc4 $14) 25... Rxc4 (25... Qd7 26. N3h4
Rxc4 27. Bxf8 Rxf8 28. Ne7+ Kh8 29. Nhf5 $18) 26. Bxf8 Rxf8 27. Nd6 (27. Nxe5
$142 Re4 28. Nc6 Bxc6 29. dxc6 Qc7 30. Qxa6 h6 $18) 27... Rc7 28. Nxb7 Rxb7 29.
Nxe5 Re8 (29... Nd7 30. Nc4 Qb8 31. Qxa6 Nc5 $18) 30. Nc6 (30. Nc4 $142 Ra7 31.
d6 h6 $18) 30... Qd7 (30... Qb6 31. Qxa6 Qxb2 32. d6 $18) 31. Qc3 Qf5 (31...
Rb6 32. Ne5 Qf5 33. Nc4 $18) 32. Qd4 (32. d6 Qb5 $18) 32... Re4 (32... h6 33.
Rxa6 Kh7 34. Ra5 $18) 33. Rxa6 h6 34. Ra8+ (34. Qd2 $142 Re8 35. Ra5 $18) 34...
Kh7 $16 35. Qd3 $4 (35. Qd2 $142 Rc4 36. b3 $16) 35... Re1+ (35... Rxb2 36. Rd2
$15) 36. Kh2 $11 Qxd3 37. Rxd3 Rxb2 38. Rf3 Nxd5 (38... Rbb1 39. Rxf6 gxf6 40.
Ra7 $11) 39. Rxf7 $14 Ree2 $4 (39... Re6 $142 40. Nd4 Rf6 $14) 40. Raa7 $18
Rxf2 (40... h5 41. Rxg7+ Kh6 42. Rh7+ Kg6 43. Rag7+ Kf6 44. Rf7+ Kg6 $18) 41.
Rxf2 1/2-1/2

[Event "SCC Tornado"]
[Site "?"]
[Date "2000.04.30"]
[Round "4"]
[White "Bailey, B."]
[Black "Sandford, M."]
[Result "0-1"]
[WhiteElo "1878"]
[BlackElo "1649"]
[Annotator "Stockfish 14 (15s)"]
[PlyCount "64"]

{C40: Latvian and Elephant Gambits} 1. e4 e5 2. Nf3 f5 3. Nxe5 Qf6 4. d4 d6 5.
Nf3 fxe4 6. Qe2 d5 (6... Be7 7. Qxe4 Nc6 8. Bb5 Bd7 9. Nc3 O-O-O 10. Nd5 Qg6
11. Qxg6 hxg6 12. Be3 Rh5 13. Bxc6 Bxc6 14. Nxe7+ Nxe7 15. O-O-O Ra5 16. Kb1
Bd5 17. b3 Bc6 18. Bg5 Nd5 19. Bxd8 Nc3+ 20. Kb2 Nxd1+ 21. Rxd1 {
Mueller,H (1580)-Krause,W (1466) Ellwangen 2003 1/2-1/2 (44)}) 7. Ne5 (7. Nc3
Ne7 8. Ne5 c6 9. f3 exf3 10. Nxf3 Bg4 11. Be3 Nd7 12. O-O-O O-O-O 13. Qd2 h6
14. Be2 Nf5 15. Bf4 Bxf3 16. Bxf3 g5 17. Be3 Nxe3 18. Qxe3 Bd6 19. Kb1 h5 20.
h3 Qg6 21. g4 Rde8 {Seils,J (2390)-Minski,M (1972) Berlin 1994 1/2-1/2}) 7...
Be7 8. Be3 $146 (8. Nc3 c6 9. f3 exf3 10. Qxf3 Nd7 11. Qxf6 Ngxf6 12. Nf3 O-O
13. Bd3 Bb4 14. O-O Bd6 15. Bd2 a6 16. Rae1 c5 17. b3 b5 18. Bf5 Nb6 19. Be6+
Kh8 20. Ng5 Bxe6 21. Rxe6 cxd4 22. Rxd6 dxc3 {
Daamen,F-Schaardenburg,M Dieren 1982 1/2-1/2 (44)}) (8. c4 Nc6 9. Nxc6 bxc6 10.
cxd5 Nh6 $14) 8... Nd7 $11 9. Nxd7 Bxd7 10. Nd2 (10. Qh5+ $142 Qf7 11. Qxf7+
Kxf7 12. c4 $11) 10... Qb6 $4 (10... O-O-O $142 11. c4 Kb8 $17) 11. Qh5+ $18 g6
12. Qxd5 O-O-O $2 (12... Nf6 13. Qb3 Ng4 14. Nc4 Qxb3 15. axb3 (15. cxb3 $6 Rf8
$11) 15... Nxe3 16. Nxe3 $18) 13. Qb3 (13. Nc4 $142 $5 Qc6 14. Qxc6 Bxc6 $18 (
14... bxc6 $4 15. Ne5 $18)) 13... Qa5 14. O-O-O (14. Be2 Nf6 15. O-O Rhe8 $18)
14... Nf6 15. Nc4 Qf5 (15... Qd5 16. Ne5 Qxb3 17. axb3 $18 (17. cxb3 $6 Rhf8
$16)) 16. Ne5 Be6 (16... Ng4 17. Nxg4 (17. Nxd7 $6 Rxd7 18. g3 Nxe3 19. fxe3
Rd6 $18) 17... Qxg4 18. g3 $18) 17. Bc4 (17. Qa4 $142 Kb8 18. d5 $18) 17...
Bxc4 18. Qxc4 Nd5 19. Qa4 a6 20. Rhf1 (20. Qb3 $142 $5 $16) 20... Bd6 $14 21.
c4 (21. g4 Qe6 $14) 21... Nb6 (21... Bxe5 $142 $5 22. cxd5 Bf6 $17) 22. Qc2 $11
Bxe5 23. dxe5 Qxe5 24. Bxb6 cxb6 25. Rfe1 {Attacks the isolani on e4} (25. Kb1
Kb8 $11) 25... Qf4+ (25... Qg5+ $142 $5 26. Kb1 Qxg2 $17) 26. Kb1 $11 Rxd1+ 27.
Rxd1 Rf8 28. Qd2 $4 (28. g3 $142 Qxf2 29. Qxe4 $11) 28... Qxf2 $19 29. Qd7+ (
29. h4 e3 30. Qxf2 Rxf2 $19) 29... Kb8 30. Qe7 (30. Qd6+ Ka7 31. Qd2 e3 32.
Qxf2 Rxf2 $19) 30... e3 31. Rd7 (31. a4 e2 32. Rc1 $19) 31... Qf1+ 32. Kc2
Qxc4+ (32... Qxc4+ 33. Kb1 Rf1+ 34. Rd1 Rxd1#) 0-1

[Event "SCC-Microsoft"]
[Site "?"]
[Date "2001.04.10"]
[Round "1"]
[White "Drake, C."]
[Black "Bailey, B."]
[Result "0-1"]
[WhiteElo "1700"]
[BlackElo "1873"]
[Annotator "Stockfish 14 (15s)"]
[PlyCount "72"]

{C34: King's Gambit Accepted: 3 Nf3: 3...Nf6 and 3...d6} 1. e4 e5 2. f4 exf4 3.
Nf3 d6 4. d4 g5 5. Bc4 Be6 6. Bxe6 fxe6 7. b3 $4 $146 (7. O-O Nd7 8. Kh1 Qe7 9.
Nc3 O-O-O 10. Nb5 c6 11. Nc3 h5 12. d5 c5 13. dxe6 Nb6 14. Nd5 Qg7 15. a4 Ne7
16. a5 Nbxd5 17. exd5 Rg8 18. Qe2 g4 19. Nh4 Qe5 20. Qxe5 dxe5 21. c4 Bg7 {
Bonmati,J-Herrero Sabartes,J Cajas 1989 0-1 (52)}) (7. h4 Be7 (7... g4 8. Ng5
h5 (8... Qf6 9. Qxg4 Nc6 10. Qxe6+ Be7 11. c3 Qg7 12. O-O h6 13. Nf3 Qg3 14.
Qf5 Nf6 15. Bxf4 Qg7 16. Nbd2 Rg8 17. Rf2 Ng4 18. Re2 Rf8 19. Qh5+ Rf7 20. Bg5
Bxg5 21. hxg5 hxg5 22. Qxg4 Qh8 23. Rf1 {Griwenka,V-Frank,D Pinneberg 1991 1-0}
) 9. Qd3 Qd7 10. Bxf4 Nc6 11. Nd2 O-O-O 12. O-O-O Nf6 13. Rhf1 Bg7 14. Qa3 Kb8
15. Nb3 Qe8 16. d5 e5 17. Be3 {1-0 (17) Schumacher,H-Jakobi,A Kappeln 1990}) 8.
Nxg5 Bxg5 9. Qh5+ Kd7 10. hxg5 Ne7 11. Bxf4 Ng6 12. Be3 Qe7 13. Nc3 Nc6 14.
O-O-O Raf8 15. Qg4 Kd8 16. Rdf1 Nb8 17. Rf6 Re8 18. Rhf1 Nd7 19. Rf7 Rhf8 20.
Qf3 Rxf7 21. Qxf7 a6 {
Gardner,R (2185)-Czebe,A (2340) Budapest 1995 1/2-1/2 (41)}) (7. e5 Bh6 8. O-O
Ne7 9. c4 Nbc6 10. d5 exd5 11. cxd5 Nxe5 12. Qa4+ Qd7 13. Qd4 Bg7 14. Qd1 Nxf3+
15. Qxf3 O-O-O 16. Nc3 Rdg8 17. b4 g4 18. Qd3 f3 19. gxf3 gxf3 20. Kh1 Qg4 21.
Rg1 Qh5 {Doggett,A-Wright,F Scotland 1997 0-1}) (7. h4 $142 gxh4 8. Nc3 $16)
7... g4 $19 8. Bxf4 (8. O-O gxf3 9. Qxf3 Bg7 10. Qh5+ Kd7 $19) 8... gxf3 (8...
Qf6 $142 $5 9. Bc1 gxf3 10. O-O $19) 9. Qxf3 Nf6 (9... Bg7 $142 10. Nc3 Nc6 $19
) 10. O-O (10. Nc3 $142 $5 Nc6 11. Rd1 $17) 10... Bg7 $19 11. Bg5 $4 (11. e5
O-O 12. exf6 Qxf6 13. c3 $19) 11... O-O 12. Nc3 Nc6 13. Rad1 (13. Ne2 Qe8 14.
Bxf6 Bxf6 15. Qxf6 Rxf6 16. Rxf6 Qh5 $19) 13... Qe8 14. Kh1 (14. Qh3 Kh8 $19)
14... Qg6 15. Bc1 (15. Bxf6 Rxf6 16. Qd3 Nxd4 17. Rxf6 Qxf6 $19) 15... e5 (
15... Ng4 $142 $5 16. Bf4 e5 17. dxe5 dxe5 18. Ne2 exf4 19. Nxf4 $19) 16. dxe5
Nxe5 17. Qe2 Qg4 (17... Rf7 $142 18. Kg1 $19) 18. Qb5 (18. Rde1 a6 $19) 18...
Rab8 (18... Qh4 $142 19. g3 Qh3 20. Qe2 $19) 19. Rf4 Qd7 (19... Qe6 20. Rf5 $19
) 20. Qe2 (20. Qxd7 Nexd7 21. Nb5 Ne8 $19) 20... Bh6 (20... Ng6 $5 21. Rf5 $19)
21. Rf5 Bxc1 22. Rxc1 Qg7 (22... Qc6 23. Qe3 Nfg4 24. Qd2 Rxf5 25. exf5 $19)
23. h3 Rf7 24. Qe3 Rbf8 25. Rg5 (25. Rcf1 Kh8 $19) 25... Ng6 26. Qxa7 (26. Rg1
h6 27. Rf5 Nh4 $19) 26... h6 (26... Qh6 $142 27. Rg3 Qxc1+ 28. Qg1 $19) 27. Rg3
Nh5 28. Rg4 (28. Qe3 Nxg3+ 29. Qxg3 Kh7 $19) 28... Rf1+ 29. Rxf1 Rxf1+ 30. Kh2
Qe5+ 31. g3 Qxc3 32. Rxg6+ (32. Qg1 Qxc2+ 33. Kh1 Qf2 34. Qxf1 Qxf1+ 35. Kh2
Qf2+ 36. Kh1 Nxg3+ 37. Rxg3 Qxg3 38. a3 Nf4 39. a4 Qg2#) 32... Kh7 33. Kg2 (33.
Qg1 Qxc2+ 34. Kh1 Qf2 35. Qxf1 Qxf1+ 36. Kh2 Qf2+ 37. Kh1 Kxg6 38. a3 Nxg3#)
33... Rc1 (33... Qf3+ 34. Kh2 Rh1#) 34. Rf6 Nxf6 (34... Qxg3#) 35. h4 (35. Qf2
Rxc2 36. e5 Rxf2+ 37. Kxf2 Qd2+ 38. Kf3 Qd3+ 39. Kg2 Ne4 40. a3 Qxg3+ 41. Kf1
Qf2#) 35... Nxe4 36. Kh3 (36. Qf2 Nxf2 37. a3 Ne4 38. a4 Qxg3#) 36... Qxg3# 0-1

[Event "SCC-Microsoft"]
[Site "?"]
[Date "2001.04.10"]
[Round "2"]
[White "Bailey, B."]
[Black "Moiceechev, P."]
[Result "1/2-1/2"]
[WhiteElo "1873"]
[BlackElo "100"]
[Annotator "Stockfish 14 (15s)"]
[PlyCount "120"]

{B34: Sicilian: Accelerated Dragon with 5 Nc3: sidelines} 1. e4 c5 2. Nf3 Nc6
3. d4 cxd4 4. Nxd4 g6 5. c3 Bg7 6. Be3 Nf6 7. f3 O-O 8. Qd2 d5 (8... e5 9. Nc2
d5 10. exd5 Nxd5 11. Bc5 Re8 12. Nba3 Be6 13. c4 Nc7 14. O-O-O Qxd2+ 15. Rxd2
Rad8 16. Be3 Rxd2 17. Bxd2 Rd8 18. Be2 Bf5 19. Re1 Ne6 20. g4 Bd3 21. Bd1 Bf8
22. Be2 f6 23. Bxd3 {Hoeschele,H (2187)-Maurer,F (2121) Davos 2006 0-1 (65)})
9. exd5 (9. Nxc6 bxc6 10. e5 Nd7 11. f4 e6 12. Bd3 f6 13. exf6 Qxf6 14. O-O Bb7
15. Bd4 Qe7 16. Bxg7 Qxg7 17. Qe2 e5 18. fxe5 Rxf1+ 19. Qxf1 Qxe5 20. Qe2 Re8
21. Qxe5 Nxe5 22. Be2 c5 23. Na3 d4 {
Hahlbohm,M (2102)-Fruebing,S (2280) Kreuzberg 2005 1/2-1/2 (31)}) 9... Nxd5 10.
Bh6 $4 $146 (10. Nxc6 bxc6 11. Bh6 (11. Bf2 Qa5 12. Bc4 Ba6 13. Bxd5 cxd5 14.
b4 Qa4 15. Bc5 Rfe8 16. Kf2 Bc4 17. Re1 a5 18. a3 axb4 19. Bxb4 Qa7+ 20. Kg3
Qc7+ 21. Kh3 e5 22. g3 e4 23. fxe4 Rxe4 24. Rxe4 Bf1+ 25. Kg4 dxe4 {
Mikula,F (1858)-Soderberg,P (2251) Karvina 2002 0-1}) 11... e5 (11... Bxh6 12.
Qxh6 Qb6 13. b3 Bf5 14. Qd2 Ne3 15. Na3 Rfd8 16. Qb2 Nxf1 17. Nc4 Qc5 18. Rxf1
Bd3 19. Qf2 Qg5 20. f4 Qf6 21. Ne5 Bxf1 22. Kxf1 Rd5 23. c4 Rd6 24. Re1 Rad8
25. Ng4 Qc3 26. Rxe7 {Van der Veen,R-Jongsma,D (2233) Vlissingen 2002 0-1}) 12.
Bxg7 Kxg7 13. c4 Nf4 14. g3 Ne6 15. Qc3 Nd4 16. Na3 Qf6 17. Kf2 Bg4 18. Bg2 e4
19. Nc2 c5 20. Ne1 Rfe8 21. Rf1 e3+ {
0-1 (21) Miklos,A-Olah,S (2115) Gyongyos 1998}) (10. Nxc6 bxc6 11. Bc4 Nxe3 12.
Qxe3 $19) 10... Bxh6 11. Qxh6 Nxd4 12. cxd4 Nb4 (12... e5 $142 13. Qd2 e4 14.
Nc3 exf3 15. gxf3 Re8+ 16. Kf2 Qh4+ 17. Kg1 Nxc3 18. bxc3 $19) 13. Qd2 Qxd4 $1
14. Qxd4 Nc2+ 15. Kf2 Nxd4 16. Nc3 e5 (16... Be6 17. Bd3 $19) 17. Nb5 (17. Bd3
Be6 $19) 17... Nxb5 (17... Rd8 $5 18. Rd1 Be6 19. Nxd4 $19) 18. Bxb5 Be6 (18...
Rd8 19. Rhe1 Rd2+ 20. Kg3 $19) 19. b3 (19. Rhe1 $142 a6 20. Bf1 $17) 19... f5
$4 (19... Rac8 $5 20. Rac1 $19) 20. Rhd1 $2 (20. Rhe1 $5 e4 21. fxe4 fxe4+ 22.
Ke3 $11) 20... Rad8 (20... Kf7 21. Rac1 Rac8 22. Bd7 Rxc1 23. Bxe6+ Kxe6 24.
Rxc1 $19) 21. Rac1 (21. Re1 Rd5 22. Bc4 Rd2+ 23. Ke3 Rd6 $17) 21... a6 (21...
Rxd1 22. Rxd1 Kf7 23. Bd7 $19) 22. Bc4 Bxc4 (22... Kf7 23. h4 Ke7 24. Rxd8 Rxd8
25. Bxe6 Kxe6 26. Ke2 $19) 23. Rxd8 (23. bxc4 Rxd1 24. Rxd1 Rc8 $17) 23... Rxd8
24. Rxc4 Rd2+ (24... b5 $142 25. Rc2 Kf7 $17) 25. Kg3 $4 (25. Kf1 $142 b5 26.
Rc8+ Kg7 27. a4 $15) 25... Rxa2 (25... f4+ 26. Kh3 Rxa2 27. Rc8+ Kf7 28. Rc7+
Ke6 29. Rxb7 $19) 26. Rc8+ Kf7 27. Rc7+ Kf6 28. Rxb7 (28. h4 f4+ 29. Kh3 $19)
28... f4+ 29. Kh3 h5 30. Rb8 Kg5 (30... Rb2 $142 31. Rf8+ Ke7 32. Ra8 Rxb3 33.
Kh4 $19) 31. Ra8 Rb2 (31... Kf5 $142 $19) 32. Rxa6 $11 Rxb3 33. Re6 $4 (33. Ra8
$142 $11) 33... Kf5 $19 34. Re8 Re3 {Black prepares the advance e4} (34... g5
$142 35. Rf8+ Ke6 36. Re8+ Kd5 37. Rd8+ Kc4 38. Rc8+ Kd4 39. Rd8+ Ke3 $19) 35.
Kh4 $11 Re2 36. Kh3 (36. h3 Kf6 37. g3 fxg3 38. Kxg3 Kg7 $11) 36... e4 (36...
Kf6 $142 37. Rf8+ Kg5 $11) 37. g4+ $4 (37. fxe4+ Rxe4 38. Rf8+ Kg5 $11) 37...
fxg3 (37... hxg4+ $142 38. fxg4+ Kf6 39. g5+ Kxg5 40. Re5+ Kf6 $19) 38. fxe4+
$11 Rxe4 39. Rf8+ Kg5 40. hxg3 Re5 41. Rf3 Rf5 42. Ra3 Re5 43. Rf3 Re6 44. Ra3
Rf6 45. Re3 Kh6 46. g4 Rf1 47. gxh5 Kxh5 48. Kg2 Rf4 49. Ra3 g5 50. Rb3 Kh4 51.
Ra3 g4 52. Rb3 Rc4 53. Ra3 Rc2+ 54. Kg1 g3 55. Ra8 Rc1+ 56. Kg2 Rc2+ 57. Kg1
Rc4 58. Rh8+ Kg4 59. Rg8+ Kf3 60. Rf8+ Rf4 1/2-1/2

[Event "Washington Class"]
[Site "?"]
[Date "2002.11.29"]
[Round "1"]
[White "Bailey, B."]
[Black "Batterman, J."]
[Result "1/2-1/2"]
[WhiteElo "1873"]
[BlackElo "1754"]
[Annotator "Stockfish 14 (15s)"]
[PlyCount "117"]

{C63: Ruy Lopez: Schliemann/Jaenisch Defence} 1. e4 e5 2. Nf3 Nc6 3. Bb5 f5 4.
Bxc6 dxc6 5. exf5 (5. Qe2 Bd6 6. Nc3 fxe4 7. Nxe4 Nf6 8. d4 Qe7 9. dxe5 Bxe5
10. Nxe5 Qxe5 11. Nxf6+ gxf6 12. Bf4 Qxe2+ 13. Kxe2 Bf5 14. c3 O-O-O 15. f3 Rd7
16. Kf2 Re8 17. Rhe1 Rde7 18. Rxe7 Rxe7 19. Rd1 b6 {
Fedorov,V (2405)-Caruso,A (2235) Forli 1992 1-0 (34)}) 5... Bxf5 6. Nxe5 Nf6 7.
d4 $146 (7. Qe2 Be7 8. d3 O-O 9. O-O Re8 10. Be3 Bd6 11. Nc4 Bf4 12. Qd2 Bxe3
13. fxe3 Bg6 14. Nc3 Ng4 15. Qe2 Qg5 16. Rf3 b5 17. Nd2 Rxe3 18. Rxe3 Qxe3+ 19.
Qxe3 Nxe3 20. Rc1 Rd8 21. Nf3 Nd5 {Ficet,A-Harnois,C Romans 1999 1/2-1/2 (51)})
(7. O-O Bd6 8. d4 (8. Re1 O-O 9. d3 c5 10. Qf3 Be6 11. Qxb7 Bd5 12. Qa6 Rb8 13.
Nc3 Rb6 14. Qxa7 Ba8 15. Qa4 Rb4 16. Qa5 Ng4 17. Nxg4 Rxg4 18. Ne4 Qh4 19. h3
Qxh3 20. g3 Rxg3+ 21. fxg3 Bxg3 22. Qd2 Bxe1 {
Yuen Tak Mok-Hoel,O Dos Hermanas 2003 0-1}) 8... O-O 9. Bg5 Qe8 10. Bxf6 Rxf6
11. f4 c5 12. c3 Rd8 13. Nd2 cxd4 14. cxd4 c5 15. Qb3+ Be6 16. d5 Bxe5 17. dxe6
Bd4+ 18. Kh1 Qxe6 19. Qxb7 Rf7 20. Qb3 Qd5 21. Qc4 Bxb2 {
Biolek,R (2076)-Kennaugh,C (2287) Olomouc 2004 0-1 (46)}) 7... Be7 8. Nc3 (8.
O-O c5 9. Re1 O-O $14) 8... O-O (8... c5 $5 9. dxc5 Qxd1+ 10. Nxd1 Bxc5 $11) 9.
O-O $16 Nd5 (9... c5 10. Ne2 Qd6 11. Re1 $16) 10. Nxd5 (10. Ne2 Bd6 11. Ng3 $16
) 10... cxd5 $2 (10... Qxd5 $5 11. c4 Qd6 $16) 11. Be3 (11. c3 a5 $18) 11... c6
(11... Bd6 12. c3 $18) 12. Qe2 (12. c3 Bf6 $18) 12... Qc7 13. c4 (13. c3 Rae8
$18) 13... Bd6 (13... Be6 14. c5 Bxc5 15. Nxc6 $16) 14. Bf4 (14. cxd5 cxd5 15.
Qb5 Be6 $16) 14... dxc4 $2 (14... c5 $142 15. dxc5 Qxc5 $16) 15. Qxc4+ $18 Kh8
16. Bg3 Rad8 (16... Be4 17. Rae1 Bd5 18. Qc3 $18) 17. Rfe1 (17. Rae1 $142 $18)
17... Rf6 $4 (17... Rde8 $18) 18. Nf7+ (18. Bh4 $142 Be6 19. Qc2 $18) 18...
Rxf7 $2 (18... Qxf7 $142 19. Qxf7 Rxf7 20. Bxd6 h5 $16) 19. Bxd6 $18 Qd7 20.
Be5 Re7 (20... Kg8 21. Qc3 $18) 21. Re3 Re6 (21... Qd5 22. Qb4 Rdd7 23. h3 $18)
22. Rae1 (22. Qc5 Rg6 23. Qxa7 Be6 $18) 22... Rde8 (22... Re7 23. h3 $18) 23.
h3 h5 (23... Kg8 $18) 24. Qe2 Qf7 25. Rg3 Kh7 (25... Kg8 26. Rg5 R8e7 27. Qxh5
Qxh5 28. Rxh5 $18) 26. Rg5 Bg6 (26... Rh6 27. Qd2 Rg6 28. Rxh5+ Kg8 29. f3 $18)
27. g4 (27. Qd2 $142 $5 Kg8 $18) 27... hxg4 28. Qxg4 (28. hxg4 $142 Kg8 29. Kg2
Bh7 $18) 28... Rf6 29. Re3 Rf5 30. Rxf5 (30. Qh4+ $142 Kg8 31. Rg2 $18) 30...
Qxf5 $14 31. Rb3 Qxg4+ $2 (31... b6 $142 $16) 32. hxg4 $18 Re7 33. f4 Be4 (
33... Bf7 $142 34. Ra3 Be6 $18) 34. Kf2 Kg8 35. Re3 Bd5 36. b3 $4 (36. Kg3 Bxa2
37. Ra3 Bd5 $18) 36... a6 $4 (36... g6 $142 $5 $16) 37. f5 (37. Kg3 $142 $5 g5
38. f5 Kf7 $18) 37... Kf7 38. Kg3 Re8 $2 (38... g6 $18) 39. Kf4 Rh8 (39... g6
40. Rh3 gxf5 41. g5 $18) 40. g5 (40. Bd6 $142 Rd8 41. Re7+ Kf8 42. Ba3 $18)
40... Rh4+ 41. Kg3 Re4 42. Rxe4 $4 (42. g6+ $142 Kf8 43. Rc3 $18) 42... Bxe4
$14 43. g6+ Kg8 44. Kf4 Bb1 45. a3 a5 46. Bc7 Bc2 47. b4 axb4 48. axb4 b5 49.
Bd6 Bb3 50. Kg5 Bd5 51. Kf4 Bh1 52. Ke5 Bd5 53. Be7 Bh1 54. Kd6 Bd5 55. Bg5 Bf3
56. Ke7 Bd5 57. Bh6 Be4 (57... gxh6 58. f6 {Passed pawn}) 58. Bxg7 Bxf5 (58...
Kxg7 59. f6+ {Passed pawn}) 59. Be5 1/2-1/2

[Event "Washington Class"]
[Site "?"]
[Date "2002.11.29"]
[Round "2"]
[White "Cerminaro, J."]
[Black "Bailey, B."]
[Result "1/2-1/2"]
[WhiteElo "1800"]
[BlackElo "1873"]
[Annotator "Stockfish 14 (15s)"]
[PlyCount "114"]

{D02: 1 d4 d5 2 Nf3 sidelines, including 2...Nf6 3 g3 and 2...Nf6 3 Bf4} 1. d4
d5 2. Bf4 Nf6 3. Nf3 Bf5 4. e3 e6 5. h3 Nbd7 6. Nbd2 c5 (6... Be7 7. Bd3 Bg6 8.
O-O O-O 9. Bxg6 hxg6 10. Rc1 c5 11. dxc5 Nxc5 12. Qe2 Rc8 13. c4 dxc4 14. Nxc4
Qd3 15. Rfe1 Qxe2 16. Rxe2 Nd3 17. Rcc2 Nb4 18. Rc1 b5 19. Nfe5 bxc4 20. a3 Nd3
21. Rxc4 {Biriukov,I (2343)-Ivanov,A (2191) St Petersburg 2002 0-1 (47)}) (6...
c6 7. Bd3 Bg6 8. O-O Be7 9. Ne5 Rc8 10. Ndf3 Qb6 11. b3 c5 12. Bxg6 hxg6 13.
Nxd7 Nxd7 14. Ne5 cxd4 15. Nxd7 Kxd7 16. Be5 dxe3 17. Bd4 exf2+ 18. Rxf2 Bc5
19. Rxf7+ Kd6 20. c3 Bxd4+ 21. cxd4 {
Kingsley,P-Lindenskov,B Dos Hermanas 2004 0-1 (31)}) 7. c3 Qb6 8. Qc1 $146 (8.
Qb3 cxd4 9. exd4 h6 10. Qxb6 Nxb6 11. Ne5 a6 12. Bd3 Bxd3 13. Nxd3 Nbd7 14. Ne5
Be7 15. Ndf3 O-O 16. O-O Rfc8 17. Rac1 b5 18. b3 Nxe5 19. Nxe5 Ne4 20. c4 bxc4
21. bxc4 dxc4 22. Nxc4 Rd8 {Lauer,B-Mierse,F Frankfurt 1999 1/2-1/2 (57)}) (8.
Nh4 Be4 9. f3 cxd4 10. cxd4 Bg6 $11 (10... Qxb2 $4 11. fxe4 g5 12. Rb1 $18))
8... Bd6 9. Ne5 h6 $4 (9... Bxe5 10. dxe5 Ne4 11. f3 Nxd2 12. Qxd2 $11) 10.
Ndf3 (10. Nec4 $142 dxc4 11. Nxc4 Bxf4 12. Nxb6 axb6 13. exf4 cxd4 14. Bb5 $18)
10... O-O $15 11. Be2 Bxe5 (11... c4 $5 $17) 12. Nxe5 $11 Rfe8 13. O-O Nxe5 14.
Bxe5 Nd7 15. Bh2 e5 16. dxe5 Nxe5 17. Rd1 Rad8 {Black intends c4} (17... Qg6
18. Bg3 Nd3 19. Bxd3 Bxd3 20. Rd2 $11) 18. b3 Qg6 19. Bg3 Bd3 {Black plans c4}
(19... h5 20. Kh2 $11) 20. Bxd3 $11 Nxd3 21. Qd2 (21. Qb1 $142 $5 c4 22. bxc4
dxc4 23. Qxb7 $11) 21... c4 $17 22. Qc2 Rxe3 (22... b6 $142 $5 $17) 23. Bc7
Ree8 24. Bxd8 Rxd8 25. bxc4 dxc4 26. Rab1 (26. Qa4 Kh7 27. Qxa7 Rd5 $14) 26...
Rd5 (26... b6 $5 $11) 27. Rxb7 $14 Rf5 (27... Rg5 28. g3 Re5 29. Rb8+ (29. Rxa7
$2 Qc6 30. Qb1 Rb5 $17) 29... Kh7 30. Rc8 $14) 28. Rb8+ (28. Rxd3 $5 cxd3 29.
Qxd3 $16) 28... Kh7 $14 29. Rxd3 cxd3 30. Qxd3 Qe6 $4 (30... Re5 $5 31. Qxg6+
Kxg6 $14) 31. Re8 (31. Rb5 g6 32. Rxf5 gxf5 $18) 31... Qxe8 $4 (31... Qg6 $142
$16) 32. Qxf5+ $18 g6 (32... Kg8 33. c4 $18) 33. Qc2 Qe1+ 34. Kh2 Qe5+ 35. g3
Qc5 36. c4 a5 (36... Kg8 37. Kg2 Qc6+ 38. Kg1 $18) 37. Kg1 Kg7 (37... Kg8 $18)
38. Qb2+ Kf8 39. Qb5 Qb4 (39... Qd4 40. Qxa5 h5 41. Qa8+ Ke7 42. Qa3+ Kd7 43.
Qa4+ Ke7 44. h4 $18) 40. Kf1 (40. Qxb4+ $142 axb4 41. Kf1 Ke7 $18) 40... Ke7 (
40... Qd2 41. a4 $18) 41. Ke2 (41. Qxb4+ $142 axb4 42. Ke2 Kd6 $18) 41... Qa3 (
41... Qc3 42. Qb3 Qf6 43. Qa3+ Ke8 44. Qxa5 Qe6+ 45. Kd3 Qxh3 46. Qe5+ Kf8 47.
Qd6+ Kg8 48. c5 $18) 42. Qb3 Qd6 43. Qe3+ Kf8 44. Qxh6+ Kg8 45. Qe3 Qb4 (45...
Qc6 46. Qd3 Qf6 47. Qd5 Qb2+ 48. Qd2 $18) 46. Qb3 Qe7+ 47. Kf1 Qe4 48. f3 (48.
Kg1 $142 $18) 48... Qd4 $2 (48... Qe5 49. g4 Qh2 $18) 49. Qc2 a4 (49... Qc5 $18
) 50. Qxa4 (50. c5 $142 Qf6 51. f4 $18) 50... Qd3+ $11 51. Ke1 Qe3+ 52. Kd1
Qxf3+ 53. Kd2 Qf2+ 54. Kc3 Qxg3+ 55. Kb4 Qe1+ 56. Kb5 Qe8+ 57. Kb4 Qe1+ 1/2-1/2

[Event "Washington Class"]
[Site "?"]
[Date "2002.11.30"]
[Round "3"]
[White "Bailey, B."]
[Black "Daroza, E."]
[Result "0-1"]
[WhiteElo "1873"]
[BlackElo "1803"]
[Annotator "Stockfish 14 (15s)"]
[PlyCount "34"]

{C10: French with 3 Nc3: Unusual Black 3rd moves and 3...dxe4} 1. e4 e6 2. d4
d5 3. Nd2 dxe4 4. Nxe4 Bd7 5. Nf3 Bc6 6. Bd3 Nd7 7. O-O Ngf6 8. Bg5 Be7 9.
Nxf6+ Bxf6 10. Bxf6 (10. Bf4 O-O 11. c3 g6 12. Re1 Bg7 13. h4 Re8 14. h5 a5 15.
Re3 a4 16. Ne5 Nxe5 17. Bxe5 Ra5 18. hxg6 hxg6 19. Qg4 Re7 20. Rae1 Be8 21.
Bxg7 Kxg7 22. Rh3 Rd7 23. Qf4 Qg5 24. Qh2 Qd2 {
Inkiov,V (2480)-Spiridonov,N (2400) Varna 1985 1-0 (35)}) 10... Qxf6 (10...
Bxf3 11. Bxd8 Bxd1 12. Bxc7 Rc8 13. Raxd1 Rxc7 14. c3 O-O 15. Be2 Nb6 16. Bf3
Rd8 17. Rd3 Kf8 18. Rfd1 Nc4 19. Rb1 e5 20. h3 Na3 21. Rbd1 exd4 22. cxd4 Ke7
23. Kf1 Nb5 24. a4 Nd6 25. Re3+ {
Kosov,I (1750)-Friedel,R (1301) Prague 2005 1-0 (39)}) 11. Be2 Rd8 $146 (11...
Bxf3 12. Bxf3 c6 13. c3 O-O 14. Re1 Rfd8 (14... Nb6 15. Qc2 Rfd8 16. a4 Nd5 17.
a5 Rac8 18. Qb3 Rd7 19. Rad1 Ne7 20. Re3 Rcd8 21. Qa4 Rd6 22. Qb4 R6d7 23. Qc5
a6 24. Rde1 Qf5 25. Re5 Qc2 26. Qb4 Nd5 27. Bxd5 cxd5 28. R5e2 Qd3 29. Qc5 {
Lutring,A (2015)-Decsey,K (2005) Paks 1996 1/2-1/2 (50)}) 15. Qb3 Nb6 16. a4
Rd7 17. a5 Nd5 18. Bxd5 exd5 19. Re5 g6 20. Rae1 Kg7 21. h3 Rc8 22. Qb4 Qd8 23.
Re7 Rxe7 24. Rxe7 Rc7 {1/2-1/2 (24) Costa,P-Gahagnon,J Elancourt 2003}) (11...
O-O 12. c3 Rad8 13. Qd2 b6 14. Rad1 Bb7 15. Qe3 c5 16. Ne5 cxd4 17. cxd4 Bd5
18. b3 Qe7 19. Rc1 Rc8 20. Ba6 Rxc1 21. Rxc1 Nxe5 22. dxe5 Qa3 23. Bc4 Bxc4 24.
Rxc4 Qxa2 25. h4 Rd8 26. h5 {
Litwak,A (2168)-Bjelajac,M (2370) playchess.com INT 2003 0-1 (64)}) 12. c3 (12.
Qd2 O-O $11) 12... a5 (12... O-O 13. Qb3 $11) 13. a4 (13. Qd2 O-O $11) 13...
O-O 14. Qc2 e5 15. dxe5 (15. Rad1 Bd5 $11) 15... Nxe5 $15 16. Nxe5 (16. Nd4 Bd7
17. Rad1 b6 $15) 16... Qxe5 $17 17. f4 $4 (17. Rfd1 $142 $17) 17... Qe3+ $19 (
17... Qe3+ 18. Rf2 Rd2 19. Qxd2 Qxd2 $19) 0-1